|
|
|
|
| LEADER |
01700nam a2200397 i 4500 |
| 001 |
EBC5510383 |
| 003 |
MiAaPQ |
| 005 |
20200520144314.0 |
| 006 |
m o d | |
| 007 |
cr cnu|||||||| |
| 008 |
180927s2018 gw o 000 0 eng d |
| 020 |
|
|
|z 9783737605304
|
| 020 |
|
|
|a 9783737605311 (e-book)
|
| 035 |
|
|
|a (MiAaPQ)EBC5510383
|
| 035 |
|
|
|a (Au-PeEL)EBL5510383
|
| 035 |
|
|
|a (OCoLC)1053836263
|
| 040 |
|
|
|a MiAaPQ
|b eng
|e rda
|e pn
|c MiAaPQ
|d MiAaPQ
|
| 050 |
|
4 |
|a TS1445
|b .B378 2018
|
| 082 |
0 |
|
|a 677
|2 23
|
| 100 |
1 |
|
|a Bartczek, Simon,
|e author.
|
| 245 |
1 |
4 |
|a The impact of corporate buyers on corporate social responsibility in textile supply chains /
|c Simon Bartczek.
|
| 264 |
|
1 |
|a Kassel :
|b Kassel University Press,
|c [2018]
|
| 264 |
|
4 |
|c 2018
|
| 300 |
|
|
|a 1 online resource (119 pages).
|
| 336 |
|
|
|a text
|b txt
|2 rdacontent
|
| 337 |
|
|
|a computer
|b c
|2 rdamedia
|
| 338 |
|
|
|a online resource
|b cr
|2 rdacarrier
|
| 490 |
1 |
|
|a Supply Chain Management ;
|v Band 10
|
| 588 |
|
|
|a Description based on print version record.
|
| 590 |
|
|
|a Electronic reproduction. Ann Arbor, MI : ProQuest, 2018. Available via World Wide Web. Access may be limited to ProQuest affiliated libraries.
|
| 650 |
|
0 |
|a Textile industry
|x Social aspects.
|
| 655 |
|
4 |
|a Electronic books.
|
| 776 |
0 |
8 |
|i Print version:
|a Bartczek, Simon.
|t Impact of corporate buyers on corporate social responsibility in textile supply chains.
|d Kassel : Kassel University Press, c2018
|h 119 pages
|k Supply chain management ; Band 10.
|z 9783737605304
|
| 797 |
2 |
|
|a ProQuest (Firm)
|
| 830 |
|
0 |
|a Supply chain management ;
|v Band 10.
|
| 856 |
4 |
0 |
|u https://ebookcentral.proquest.com/lib/matrademy/detail.action?docID=5510383
|z Click to View
|